000 00261nam a22001097a 4500
008 170123b xxu||||| |||| 00| 0 eng d
020 _a9780201092028
041 _aeng
080 _24TH
_a618.2
245 _aFUNDAMENTALS OF NURSING
_cKOZIER & ERB
942 _2udc
_cBK
999 _c3340
_d3340